| 000 | 00965nas a2200337 4500 | ||
|---|---|---|---|
| 001 | BR0503880 | ||
| 003 | BR-BrBNA | ||
| 005 | 20231205105529.0 | ||
| 007 | ta | ||
| 008 | 230509b bl.|||p| |||| 00| 00por d | ||
| 040 |
_aBR-BrBNA _bpor _cBiblioteca Nacional de Agricultura |
||
| 041 | _a(Pt) | ||
| 072 | _aL01; Q04 | ||
| 100 | 1 | _aMori, C. | |
| 100 | 1 | _aGarcia, E.A. | |
| 100 | 1 | _aPavan, A.C. | |
| 100 | 1 | _aPiccinin, A. | |
| 100 | 1 | _aScherer, M.R. | |
| 100 | 1 | _aPizzolante, C.C. | |
| 245 | 1 | _aDesempenho e qualidade dos ovos de codornas de quatro grupos genéticos | |
| 650 | _aCODORNA | ||
| 650 | _aOVO | ||
| 650 | _aQUALIDADE | ||
| 650 | _aGENÉTICA ANIMAL | ||
| 650 | _aPERFORMANCE | ||
| 650 | _aPRODUÇÃO ANIMAL | ||
| 650 | _aRAÇÃO BALANCEADA | ||
| 773 | 0 |
_tRevista Brasileira de Zootecnia (Brazil) _xISSN 1516-3598 _g(May-Jun 2005), v. 34(3) p. 864-869 _wBR0503880 |
|
| 909 |
_a202311 _bLúcia _c55 _dLúcia Elande |
||
| 942 |
_2AGRIS _n0 _cANA |
||
| 999 |
_c183425 _d183425 |
||